[Event "2. BUNDESLIGA MITTE 2018/2019"]
[Site "Grieskirchen, Friedberg/Sauwald, St. Veit, Deutschlandsberg"]
[Date "2019.01.20"]
[Round "8"]
[Board "6"]
[White "Steiner, Josef"]
[Black "Khalakhan, Jurij"]
[Result "0-1"]
[WhiteElo "2062"]
[BlackElo "2279"]
[PlyCount "118"]
[EventDate "2018.10.19"]
[EventType "team"]
[EventRounds "11"]
[EventCountry "AUT"]
[WhiteTeam "SC MPOE Maria Saal II"]
[BlackTeam "Frauental"]

1. Nf3 g6 2. d4 Bg7 3. g3 d6 4. Bg2 f5 5. O-O Nf6 6. c3 O-O 7. Ng5 c6 8. e4
Nxe4 9. Nxe4 fxe4 10. Bxe4 Nd7 11. Bg5 Qe8 12. Bg2 Qf7 13. h3 e5 14. d5 c5 15.
Na3 h6 16. Be3 Qe7 17. Nc4 b6 18. Qa4 Bb7 19. Rad1 Nf6 20. Qc2 g5 21. Na3 Qf7
22. c4 a6 23. Qd2 Bc8 24. g4 Bd7 25. b4 Rae8 26. f3 Qg6 27. Rb1 Rb8 28. Rfd1
Qh7 29. Re1 Rfd8 30. Bf2 Be8 31. h4 gxh4 32. Bxh4 Bg6 33. Rb3 Re8 34. Bg3 Bf8
35. Qb2 Nd7 36. Qd2 cxb4 37. Rxb4 Nc5 38. Bf1 Bg7 39. Bh4 Rb7 40. Bf2 Rbb8 41.
Qc1 Rf8 42. Kg2 h5 43. g5 h4 44. Bxc5 bxc5 45. Rxb8 Rxb8 46. Re3 e4 47. f4 Bd4
48. Rb3 Rxb3 49. axb3 e3 50. Be2 Be4+ 51. Kh2 Qf5 52. Qf1 Bb2 53. Nb5 axb5 54.
cxb5 Bxd5 55. Bc4 Bxc4 56. Qxc4+ d5 57. Qxc5 Qxf4+ 58. Kh1 Qf1+ 59. Kh2 Be5#
 0-1

[Event "2. BUNDESLIGA MITTE 2018/2019"]
[Site "Grieskirchen, Friedberg/Sauwald, St. Veit, Deutschlandsberg"]
[Date "2019.01.20"]
[Round "8"]
[Board "1"]
[White "Huber, Martin Christian"]
[Black "Schwabeneder, Florian"]
[Result "1-0"]
[WhiteElo "2325"]
[BlackElo "2430"]
[PlyCount "157"]
[EventDate "2018.10.19"]
[EventType "team"]
[EventRounds "11"]
[EventCountry "AUT"]
[WhiteTeam "Schachfreunde Graz"]
[BlackTeam "SPK Grieskirchen/Schallerbach"]

1. d4 Nf6 2. c4 e6 3. Nf3 Bb4+ 4. Nbd2 O-O 5. a3 Be7 6. e4 d6 7. Be2 c5 8. O-O
Nbd7 9. Qc2 cxd4 10. Nxd4 a6 11. b4 Qc7 12. Bb2 b6 13. f4 Bb7 14. Qd3 g6 15.
Kh1 e5 16. N4b3 a5 17. Qe3 axb4 18. axb4 Rxa1 19. Rxa1 Ra8 20. Bf3 Rxa1+ 21.
Bxa1 Qb8 22. g3 Qa8 23. Kg2 Bf8 24. Qd3 Qa3 25. Qc3 Bh6 26. c5 bxc5 27. bxc5
Qa8 28. cxd6 Nxe4 29. Qb4 Ndf6 30. d7 Bf8 31. Qa5 Nxd7 32. Qxa8 Bxa8 33. Bxe4
Bxe4+ 34. Nxe4 exf4 35. gxf4 Be7 36. Bd4 f6 37. Kf3 Kf7 38. Nec5 Nb6 39. Nd3
Nc4 40. Bc3 Bd8 41. Nd2 Nd6 42. Ne4 Nb5 43. Bb2 Be7 44. Nc3 Nd4+ 45. Ke4 Nf5
46. Nd5 Bd8 47. Nc5 Nd6+ 48. Kf3 h5 49. Ne4 Ne8 50. Bd4 Ke6 51. Ne3 Ng7 52.
Nc5+ Kf7 53. Ke4 Ne8 54. Nb7 Be7 55. Nd5 Ba3 56. Nd8+ Kg7 57. Ne6+ Kf7 58. Nec7
f5+ 59. Kf3 Nd6 60. Nf6 Ke7 61. Nh7 Ne4 62. Nd5+ Kd6 63. Nc3 Nd2+ 64. Ke2 Nb3
65. Be5+ Ke7 66. Ng5 Nc5 67. Nb5 Bb4 68. Bc3 Bxc3 69. Nxc3 Nd7 70. Ke3 Nf6 71.
Kd4 Nd7 72. Nd5+ Kf8 73. Ne6+ Kf7 74. Ng5+ Kf8 75. h4 Kg7 76. Ne6+ Kf7 77. Nc5
Nf8 78. Ke5 Nh7 79. Ne6  1-0

[Event "2. BUNDESLIGA MITTE 2018/2019"]
[Site "Grieskirchen, Friedberg/Sauwald, St. Veit, Deutschlandsberg"]
[Date "2019.01.20"]
[Round "8"]
[Board "2"]
[White "Haba, Petr"]
[Black "Kravanja, Georg"]
[Result "1-0"]
[WhiteElo "2445"]
[BlackElo "2284"]
[PlyCount "93"]
[EventDate "2018.10.19"]
[EventType "team"]
[EventRounds "11"]
[EventCountry "AUT"]
[WhiteTeam "SPK Grieskirchen/Schallerbach"]
[BlackTeam "Schachfreunde Graz"]

1. e4 c6 2. d4 d5 3. Nd2 dxe4 4. Nxe4 Bf5 5. Ng3 Bg6 6. h4 h6 7. Nf3 Nd7 8. h5
Bh7 9. Bd3 Bxd3 10. Qxd3 e6 11. Bd2 Ngf6 12. O-O-O Be7 13. Ne4 Nxe4 14. Qxe4
Nf6 15. Qd3 O-O 16. g4 Nxg4 17. Rhg1 f5 18. Qe2 Qd5 19. c4 Qe4 20. Qxe4 fxe4
21. Rxg4 Rxf3 22. Bxh6 Bf6 23. Bxg7 Kh7 24. Bxf6 Rxf6 25. Rxe4 Rg8 26. Rde1
Rxf2 27. Rxe6 Rgg2 28. Re7+ Kh6 29. Rxb7 Kxh5 30. Kb1 Kg6 31. a4 Rd2 32. Re6+
Kf5 33. Re5+ Kf6 34. Rc5 Rxd4 35. Rxa7 Rdd2 36. Rxc6+ Ke5 37. Re7+ Kf5 38. Rb7
Ke4 39. Re7+ Kf5 40. Rb7 Ke4 41. a5 Rg1+ 42. Ka2 Rdd1 43. a6 Ra1+ 44. Kb3 Rg3+
45. Kb4 Ra2 46. b3 Kd3 47. Re6  1-0

[Event "2. BUNDESLIGA MITTE 2018/2019"]
[Site "Grieskirchen, Friedberg/Sauwald, St. Veit, Deutschlandsberg"]
[Date "2019.01.20"]
[Round "8"]
[Board "3"]
[White "Teuschler, Barbara"]
[Black "Kilgus, Georg"]
[Result "0-1"]
[WhiteElo "2203"]
[BlackElo "2436"]
[PlyCount "104"]
[EventDate "2018.10.19"]
[EventType "team"]
[EventRounds "11"]
[EventCountry "AUT"]
[WhiteTeam "Schachfreunde Graz"]
[BlackTeam "SPK Grieskirchen/Schallerbach"]

1. d4 Nf6 2. Bg5 d5 3. e3 c5 4. c3 Nc6 5. Nd2 cxd4 6. exd4 Bf5 7. Qb3 Qd7 8.
Ngf3 e6 9. Be2 Bd6 10. O-O Ne4 11. Bh4 O-O 12. Nxe4 Bxe4 13. Rfe1 Na5 14. Qd1
Bxf3 15. Bxf3 b5 16. Bg3 Bxg3 17. hxg3 Rab8 18. b4 Nc4 19. Be2 Nb2 20. Qd2 Na4
21. Bd1 Nb6 22. Bb3 Ra8 23. Reb1 Rfc8 24. Rc1 a5 25. bxa5 Nc4 26. Bxc4 Rxc4 27.
Rab1 Rxa5 28. Rb4 Qc6 29. Qb2 g6 30. g4 Kg7 31. g5 Rxb4 32. Qxb4 Rxa2 33. Qe7
Ra8 34. g3 Re8 35. Qf6+ Kg8 36. Kg2 Rf8 37. Rb1 Qxc3 38. Rxb5 Qd3 39. Rb7 Qe4+
40. Kh2 Qf5 41. Qxf5 gxf5 42. Kg2 Kg7 43. f4 Rc8 44. Kf2 Rc4 45. Ke3 Rc3+ 46.
Kf2 Rd3 47. Rb4 h6 48. gxh6+ Kxh6 49. Ra4 Kh5 50. Ra7 Kg4 51. Rxf7 Rf3+ 52. Ke2
Kxg3  0-1

[Event "2. BUNDESLIGA MITTE 2018/2019"]
[Site "Grieskirchen, Friedberg/Sauwald, St. Veit, Deutschlandsberg"]
[Date "2019.01.20"]
[Round "8"]
[Board "4"]
[White "Webersberger, Johann"]
[Black "Kastner, Walter"]
[Result "1-0"]
[WhiteElo "2368"]
[BlackElo "2214"]
[PlyCount "59"]
[EventDate "2018.10.19"]
[EventType "team"]
[EventRounds "11"]
[EventCountry "AUT"]
[WhiteTeam "SPK Grieskirchen/Schallerbach"]
[BlackTeam "Schachfreunde Graz"]

1. d4 d5 2. c4 e6 3. Nc3 Nf6 4. cxd5 exd5 5. Bg5 Nbd7 6. e3 c6 7. Bd3 Be7 8.
Qc2 Nh5 9. Bxe7 Qxe7 10. Nge2 g6 11. O-O O-O 12. Rab1 Ng7 13. b4 a6 14. Na4 Nf6
15. Qc5 Qd8 16. Qb6 Qe7 17. Qc5 Qd8 18. Nb6 Rb8 19. Nxc8 Rxc8 20. Ng3 h5 21. f3
Ne6 22. Qc2 Kg7 23. Qd2 Ne8 24. Rbd1 f5 25. Rfe1 Qf6 26. Bxf5 Nd6 27. Bxe6 Qxe6
28. e4 Nc4 29. Qg5 Qf6 30. Nxh5+  1-0

[Event "2. BUNDESLIGA MITTE 2018/2019"]
[Site "Grieskirchen, Friedberg/Sauwald, St. Veit, Deutschlandsberg"]
[Date "2019.01.20"]
[Round "8"]
[Board "5"]
[White "Prato, Simon"]
[Black "Lentrodt, Thomas"]
[Result "1-0"]
[WhiteElo "2118"]
[BlackElo "2281"]
[PlyCount "45"]
[EventDate "2018.10.19"]
[EventType "team"]
[EventRounds "11"]
[EventCountry "AUT"]
[WhiteTeam "Schachfreunde Graz"]
[BlackTeam "SPK Grieskirchen/Schallerbach"]

1. e4 c5 2. Nf3 e6 3. d4 cxd4 4. Nxd4 Nf6 5. Nc3 d6 6. Be3 a6 7. Be2 Qc7 8. O-O
Be7 9. f4 Nc6 10. Qe1 O-O 11. Qg3 Kh8 12. Kh1 Bd7 13. Bd3 Nb4 14. Nf3 Nxd3 15.
cxd3 b5 16. e5 Nd5 17. Nxd5 exd5 18. Bd4 Rg8 19. Rac1 Qd8 20. exd6 Bxd6 21. Ng5
Qf8 22. Nxh7 Qe7 23. Ng5  1-0

[Event "2. BUNDESLIGA MITTE 2018/2019"]
[Site "Grieskirchen, Friedberg/Sauwald, St. Veit, Deutschlandsberg"]
[Date "2019.01.20"]
[Round "8"]
[Board "6"]
[White "Obermayr, Hermann"]
[Black "Kristoferitsch, Daniel"]
[Result "1/2-1/2"]
[WhiteElo "2145"]
[BlackElo "1992"]
[PlyCount "81"]
[EventDate "2018.10.19"]
[EventType "team"]
[EventRounds "11"]
[EventCountry "AUT"]
[WhiteTeam "SPK Grieskirchen/Schallerbach"]
[BlackTeam "Schachfreunde Graz"]

1. d4 Nf6 2. Nf3 g6 3. g3 Bg7 4. Bg2 O-O 5. O-O d5 6. Ne5 Nbd7 7. f4 c5 8. e3
e6 9. Nd2 b6 10. b3 Bb7 11. Bb2 Rc8 12. Rc1 Rc7 13. Re1 Qa8 14. Bf3 Rfc8 15. h4
b5 16. c3 a5 17. Qe2 Qa6 18. g4 a4 19. g5 Nxe5 20. fxe5 Nd7 21. Qf2 Nb6 22. Be2
Qa5 23. dxc5 Nd7 24. b4 Qa6 25. Nf3 Nxe5 26. Nxe5 Bxe5 27. Rc2 Bg7 28. Bd3 Rf8
29. Qg3 Rd7 30. a3 f5 31. gxf6 Bxf6 32. Rf2 Rdf7 33. Ref1 e5 34. Be2 Bc8 35. c4
dxc4 36. Bxe5 Bxe5 37. Qxe5 Qe6 38. Qd4 Rxf2 39. Rxf2 Rxf2 40. Kxf2 Kf7 41. Bf3
 1/2-1/2

[Event "2. BUNDESLIGA MITTE 2018/2019"]
[Site "Grieskirchen, Friedberg/Sauwald, St. Veit, Deutschlandsberg"]
[Date "2019.01.20"]
[Round "8"]
[Board "1"]
[White "Singer, Hans"]
[Black "Leisch, Lukas"]
[Result "1/2-1/2"]
[WhiteElo "2195"]
[BlackElo "2338"]
[PlyCount "114"]
[EventDate "2018.10.19"]
[EventType "team"]
[EventRounds "11"]
[EventCountry "AUT"]
[WhiteTeam "SC Die Klagenfurter"]
[BlackTeam "Freistadt/Wartberg"]

1. d4 Nf6 2. c4 e6 3. Nf3 d5 4. Nc3 dxc4 5. e3 a6 6. a4 c5 7. Bxc4 Nbd7 8. O-O
Be7 9. Qe2 O-O 10. Rd1 Qc7 11. b3 Nb6 12. Bb2 Nxc4 13. Qxc4 b6 14. e4 Bb7 15.
d5 exd5 16. Nxd5 Nxd5 17. exd5 Qd6 18. Rd3 b5 19. Qg4 Qg6 20. Qxg6 fxg6 21. Be5
Bf6 22. Bxf6 gxf6 23. Rc1 Rac8 24. axb5 axb5 25. Rdc3 Bxd5 26. Rxc5 Rxc5 27.
Rxc5 Rd8 28. h3 b4 29. Rb5 Bxf3 30. gxf3 Rd4 31. Rb7 g5 32. Kg2 h5 33. Kf1 Kf8
34. Kg2 Ke8 35. Rh7 Rd3 36. Rxh5 Kf7 37. f4 Kg6 38. Rh8 gxf4 39. Rg8+ Kf7 40.
Rg4 f3+ 41. Kg3 Rxb3 42. h4 f5 43. Rg5 Ke6 44. Kf4 Rc3 45. Rg6+ Kd5 46. h5 Rc1
47. Rb6 Rh1 48. Kg5 Kc4 49. h6 b3 50. Kg6 Kc3 51. h7 b2 52. Kg7 Kc2 53. Rc6+
Kd2 54. Rb6 Kc2 55. Rc6+ Kd2 56. Rb6 Rg1+ 57. Kf7 Rh1  1/2-1/2

[Event "2. BUNDESLIGA MITTE 2018/2019"]
[Site "Grieskirchen, Friedberg/Sauwald, St. Veit, Deutschlandsberg"]
[Date "2019.01.20"]
[Round "8"]
[Board "2"]
[White "Koller, Hans-Juergen"]
[Black "Genser, Harald"]
[Result "0-1"]
[WhiteElo "2163"]
[BlackElo "2274"]
[PlyCount "140"]
[EventDate "2018.10.19"]
[EventType "team"]
[EventRounds "11"]
[EventCountry "AUT"]
[WhiteTeam "Freistadt/Wartberg"]
[BlackTeam "SC Die Klagenfurter"]

1. Nf3 d5 2. c4 e6 3. g3 dxc4 4. Qa4+ Nd7 5. Qxc4 a6 6. Bg2 b5 7. Qc2 Bb7 8.
O-O Ngf6 9. d3 Be7 10. a4 c5 11. e4 O-O 12. Nc3 b4 13. Nd1 c4 14. dxc4 Bxe4 15.
Qe2 Nc5 16. Ne5 Bxg2 17. Kxg2 Rc8 18. Be3 Nb3 19. Rb1 Qa5 20. f4 Qxa4 21. Nf2
Nd7 22. Nfd3 Nxe5 23. Nxe5 f6 24. Qg4 f5 25. Qd1 Bf6 26. Ra1 Qxa1 27. Qxb3 Qa5
28. Nd7 Qc7 29. Nxf8 Rxf8 30. Rd1 Qc6+ 31. Kg1 a5 32. c5 Rd8 33. Rxd8+ Bxd8 34.
Qd3 Be7 35. Qc4 Kf7 36. Bd4 Bf6 37. Bxf6 gxf6 38. h3 Qe4 39. Qb5 Qb1+ 40. Kh2
Qxb2+ 41. Kg1 Qd4+ 42. Kf1 Qd1+ 43. Kf2 b3 44. Qb7+ Ke8 45. Qb8+ Ke7 46. Qb7+
Ke8 47. Qb8+ Qd8 48. Qxb3 Qd4+ 49. Kf1 Qd5 50. Qb5+ Ke7 51. Qxa5 Qf3+ 52. Ke1
Qxg3+ 53. Kd1 Qxf4 54. Qa7+ Kd8 55. Qa8+ Kc7 56. Qa7+ Kc6 57. Qxh7 Kxc5 58. Ke2
Qc4+ 59. Kf2 Qc2+ 60. Kf1 Qd3+ 61. Kg2 Qe4+ 62. Kf2 Kd6 63. Qh8 Qd4+ 64. Kg2 f4
65. h4 Ke5 66. h5 Qd2+ 67. Kf1 f3 68. Qb8+ Kf5 69. Qb1+ Kf4 70. Qb8+ e5  0-1

[Event "2. BUNDESLIGA MITTE 2018/2019"]
[Site "Grieskirchen, Friedberg/Sauwald, St. Veit, Deutschlandsberg"]
[Date "2019.01.20"]
[Round "8"]
[Board "3"]
[White "Petschar, Kurt"]
[Black "Mayerhofer, Peter"]
[Result "0-1"]
[WhiteElo "2239"]
[BlackElo "2181"]
[PlyCount "84"]
[EventDate "2018.10.19"]
[EventType "team"]
[EventRounds "11"]
[EventCountry "AUT"]
[WhiteTeam "SC Die Klagenfurter"]
[BlackTeam "Freistadt/Wartberg"]

1. Nf3 g6 2. d4 Bg7 3. e4 c6 4. Nc3 d5 5. h3 Nf6 6. Bd3 dxe4 7. Nxe4 Nxe4 8.
Bxe4 O-O 9. O-O Qc7 10. Re1 Nd7 11. Bg5 e5 12. Qd2 exd4 13. Bh6 Bxh6 14. Qxh6
Nc5 15. Nxd4 Ne6 16. Nb3 Qf4 17. Qxf4 Nxf4 18. Rad1 Rb8 19. h4 Bg4 20. f3 Be6
21. Nc5 Bc8 22. c3 Kg7 23. Bc2 Ne6 24. Ne4 Nc7 25. Bb3 Be6 26. Nc5 Bxb3 27.
axb3 Rfd8 28. Rxd8 Rxd8 29. Re7 Rd1+ 30. Kh2 Nd5 31. Rxb7 Rd2 32. Rxa7 Rxb2 33.
c4 Ne3 34. Rc7 Rxg2+ 35. Kh3 Rg1 36. Rxc6 Nf1 37. Ne4 f5 38. Rc7+ Kf8 39. h5
fxe4 40. hxg6 hxg6 41. f4 e3 42. Rc5 e2  0-1

[Event "2. BUNDESLIGA MITTE 2018/2019"]
[Site "Grieskirchen, Friedberg/Sauwald, St. Veit, Deutschlandsberg"]
[Date "2019.01.20"]
[Round "8"]
[Board "4"]
[White "Rechberger, Franz"]
[Black "Jakits, Leopold"]
[Result "1-0"]
[WhiteElo "2115"]
[BlackElo "2175"]
[PlyCount "149"]
[EventDate "2018.10.19"]
[EventType "team"]
[EventRounds "11"]
[EventCountry "AUT"]
[WhiteTeam "Freistadt/Wartberg"]
[BlackTeam "SC Die Klagenfurter"]

1. e4 c6 2. d4 d5 3. Nd2 dxe4 4. Nxe4 Bf5 5. Ng3 Bg6 6. h4 h6 7. Nf3 Nd7 8. h5
Bh7 9. Bd3 Bxd3 10. Qxd3 e6 11. Bf4 Qa5+ 12. Bd2 Bb4 13. c3 Be7 14. c4 Qc7 15.
O-O-O Ngf6 16. Ne4 b5 17. c5 Rd8 18. Nxf6+ Nxf6 19. Qe2 Qd7 20. Qe5 O-O 21. Be3
Qd5 22. Qxd5 Rxd5 23. b4 Rxh5 24. Rxh5 Nxh5 25. Ne5 Rc8 26. Rd3 Nf6 27. Ra3 Nd5
28. Rxa7 Bf6 29. Nd3 Kf8 30. a3 Ke8 31. Kc2 g5 32. Kd2 Nc7 33. Nc1 Kd7 34. Nb3
Ra8 35. Rxa8 Nxa8 36. Na5 Nc7 37. Kd3 Nd5 38. Bd2 Bd8 39. Nb3 f5 40. Nc1 Bf6
41. Ne2 e5 42. dxe5 Bxe5 43. Bc1 Ke6 44. Bd2 Bb2 45. Kc2 Bf6 46. Kd3 Be5 47.
Bc1 Kf6 48. Bd2 h5 49. f3 h4 50. Ng1 Nf4+ 51. Bxf4 Bxf4 52. Ne2 Be5 53. f4 Bxf4
54. Nxf4 gxf4 55. Ke2 Ke6 56. Kf2 Kd5 57. Kf3 Ke5 58. Kf2 Kd5 59. Kf3 Kc4 60.
Kxf4 Kb3 61. Kxf5 Kxa3 62. Ke5 Kxb4 63. Kd6 Ka3 64. Kxc6 b4 65. Kd6 b3 66. c6
b2 67. c7 b1=Q 68. c8=Q Qg6+ 69. Ke5 Qg3+ 70. Kf5 Kb3 71. Qb7+ Kc3 72. Qe4 Kd2
73. Qf4+ Ke2 74. Qxg3 hxg3 75. Kg4  1-0

[Event "2. BUNDESLIGA MITTE 2018/2019"]
[Site "Grieskirchen, Friedberg/Sauwald, St. Veit, Deutschlandsberg"]
[Date "2019.01.20"]
[Round "8"]
[Board "5"]
[White "Opietnik, Christoph"]
[Black "Traunwieser, Georg"]
[Result "0-1"]
[WhiteElo "2081"]
[BlackElo "2102"]
[PlyCount "150"]
[EventDate "2018.10.19"]
[EventType "team"]
[EventRounds "11"]
[EventCountry "AUT"]
[WhiteTeam "SC Die Klagenfurter"]
[BlackTeam "Freistadt/Wartberg"]

1. e4 Nf6 2. e5 Nd5 3. d4 d6 4. c4 Nb6 5. exd6 exd6 6. Nc3 Be7 7. Be3 O-O 8.
Bd3 Nc6 9. Nge2 Bg4 10. Qb1 g6 11. h3 Bd7 12. O-O Nb4 13. Bh6 Re8 14. Be4 Nxc4
15. Bxb7 Rb8 16. Be4 Bg5 17. Bxg5 Qxg5 18. f4 Qh6 19. Qc1 c6 20. b3 d5 21. bxc4
dxe4 22. Qd2 e3 23. Qd1 Bf5 24. Ng3 Bd3 25. Rf3 Bxc4 26. Nce4 Bd5 27. Nf6+ Kh8
28. Nxe8 Bxf3 29. Qxf3 Rxe8 30. Rb1 Qf8 31. f5 Qd6 32. Ne2 Nd5 33. Rb7 Re7 34.
Rb3 Qf6 35. Rb8+ Kg7 36. fxg6 fxg6 37. Qxf6+ Kxf6 38. Rc8 Rc7 39. Rb8 Ke6 40.
Re8+ Re7 41. Rc8 Kd6 42. Rd8+ Kc7 43. Rf8 Kb6 44. Kf1 Kb5 45. Ke1 Rb7 46. Nf4
Kc4 47. Nxd5 Kxd5 48. Ke2 Rb2+ 49. Kxe3 Rxg2 50. Rd8+ Ke6 51. Rc8 Kd6 52. Kf3
Rd2 53. Rh8 Rd3+ 54. Kg2 h5 55. Rh6 Rxd4 56. Rxg6+ Kc5 57. Rh6 h4 58. Kf3 Rc4
59. Ke2 Kb4 60. Rh5 c5 61. Rh6 a5 62. Rb6+ Kc3 63. Rb3+ Kc2 64. Ke1 a4 65. Rb5
Rc3 66. Ke2 a3 67. Ke1 c4 68. Rb4 Rxh3 69. Rxc4+ Kb2 70. Kd2 Rh2+ 71. Kd1 Kxa2
72. Rb4 h3 73. Kc1 Rb2 74. Rh4 h2 75. Rh3 h1=Q+  0-1

[Event "2. BUNDESLIGA MITTE 2018/2019"]
[Site "Grieskirchen, Friedberg/Sauwald, St. Veit, Deutschlandsberg"]
[Date "2019.01.20"]
[Round "8"]
[Board "6"]
[White "Grabner, Hermann"]
[Black "Putz, Georg"]
[Result "1/2-1/2"]
[WhiteElo "1921"]
[BlackElo "2092"]
[PlyCount "147"]
[EventDate "2018.10.19"]
[EventType "team"]
[EventRounds "11"]
[EventCountry "AUT"]
[WhiteTeam "Freistadt/Wartberg"]
[BlackTeam "SC Die Klagenfurter"]

1. e4 e5 2. Nf3 Nf6 3. Nc3 Nc6 4. Be2 Bc5 5. O-O d6 6. d3 Bg4 7. Na4 Qe7 8. c3
O-O 9. b4 Bb6 10. Bg5 h6 11. Bh4 g5 12. Bg3 Kg7 13. Qd2 Nh5 14. Nxb6 axb6 15.
b5 Nxg3 16. fxg3 Nd8 17. d4 Bxf3 18. Rxf3 exd4 19. Qxd4+ Qe5 20. Qd2 Qxe4 21.
Bd3 Qe6 22. Bf5 Qc4 23. Bd3 Qc5+ 24. Kh1 Ra3 25. Rc1 f5 26. Qc2 f4 27. gxf4
gxf4 28. g3 Qd5 29. Be4 Qxa2 30. Qd3 Qb2 31. Qd4+ Kg8 32. Rg1 Ra1 33. Bd5+ Kh7
34. Qe4+ Kg7 35. gxf4+ Rxg1+ 36. Kxg1 Qc1+ 37. Kg2 Qd2+ 38. Kh3 Rf7 39. Bxf7
Nxf7 40. Qf5 Qe2 41. Rg3+ Kf8 42. Qc8+ Ke7 43. Qxc7+ Kf6 44. Qxb7 Qh5+ 45. Kg2
Qe2+ 46. Kh1 Qf1+ 47. Rg1 Qxb5 48. Qe4 Qf5 49. Qd4+ Ke7 50. Qe3+ Kf8 51. Re1
Qd5+ 52. Kg1 b5 53. Kf2 Qa2+ 54. Qe2 Qd5 55. Qe8+ Kg7 56. Rg1+ Kf6 57. Qe3 Qa2+
58. Kg3 Qc2 59. Qd4+ Ke7 60. Re1+ Kf8 61. Qe3 Qg6+ 62. Kf2 Qc2+ 63. Kg1 Qg6+
64. Kh1 Qf5 65. Qe8+ Kg7 66. Rg1+ Kf6 67. Re1 Qxf4 68. Qe7+ Kg7 69. Qe4 Qf6 70.
Qg4+ Ng5 71. Qd7+ Nf7 72. Rg1+ Kh7 73. Qg4 Ng5 74. Qd7+  1/2-1/2

[Event "2. BUNDESLIGA MITTE 2018/2019"]
[Site "Grieskirchen, Friedberg/Sauwald, St. Veit, Deutschlandsberg"]
[Date "2019.03.01"]
[Round "9"]
[Board "1"]
[White "Schmidt, Peter"]
[Black "Gajek, Radoslaw"]
[Result "1/2-1/2"]
[WhiteElo "2399"]
[BlackElo "2446"]
[PlyCount "61"]
[EventDate "2018.10.19"]
[EventType "team"]
[EventRounds "11"]
[EventCountry "AUT"]
[WhiteTeam "SPG Sauwald"]
[BlackTeam "Schachfreunde Graz"]

1.Nf3 Nf6 2.g3 b6 3.Bg2 Bb7 4.O-O g6 5.c4 Bg7 6.d4 e6 7.Nc3 Ne4 8.Nxe4 Bxe4 9.Bg5
Qc8 10.Qd2 O-O 11.Bh6 d6 12.Bxg7 Kxg7 13.Qc3 Nd7 14.d5+ Nf6 15.Bh3 Qe8 16.dxe6 fxe6
17.Ng5 Bf5 18.g4 h6 19.gxf5 hxg5 20.fxe6 Kh6 21.Rad1 Qe7 22.b4 a5 23.a3 axb4 24.axb4
Rae8 25.Rd4 c5 26.Rd3 g4 27.Bg2 Qxe6 28.Qd2+ Kg7 29.Rxd6 Qxc4 30.e3 Re6 31.bxc5 1/2-1/2

[Event "2. BUNDESLIGA MITTE 2018/2019"]
[Site "Grieskirchen, Friedberg/Sauwald, St. Veit, Deutschlandsberg"]
[Date "2019.03.01"]
[Round "9"]
[Board "2"]
[White "Huber, Martin Christian"]
[Black "Renner, Christoph"]
[Result "1/2-1/2"]
[WhiteElo "2325"]
[BlackElo "2317"]
[PlyCount "74"]
[EventDate "2018.10.19"]
[EventType "team"]
[EventRounds "11"]
[EventCountry "AUT"]
[WhiteTeam "Schachfreunde Graz"]
[BlackTeam "SPG Sauwald"]

1.d4 f5 2.g3 Nf6 3.Bg2 g6 4.Nf3 Bg7 5.O-O O-O 6.c4 c6 7.Nc3 d6 8.b3 Na6 9.Bb2 Qc7
10.Rc1 e5 11.Nb5 Qd8 12.dxe5 dxe5 13.Ba3 e4 14.Ng5 h6 15.Nh3 cxb5 16.cxb5 Re8 17.bxa6
bxa6 18.Nf4 g5 19.Qxd8 Rxd8 20.Ng6 Nd5 21.Rfd1 Be6 22.Ne7+ Nxe7 23.Bxe7 Rxd1+ 24.Rxd1
Rc8 25.Rd8+ Rxd8 26.Bxd8 Bd4 27.e3 Bb6 28.Bxb6 axb6 29.g4 Kf7 30.Kf1 Kf6 31.Ke2 Ke5
32.gxf5 Bxf5 33.Kd2 a5 34.Bf1 Bd7 35.Kc3 b5 36.b4 a4 37.a3 h5 1/2-1/2

[Event "2. BUNDESLIGA MITTE 2018/2019"]
[Site "Grieskirchen, Friedberg/Sauwald, St. Veit, Deutschlandsberg"]
[Date "2019.03.01"]
[Round "9"]
[Board "3"]
[White "Testor, Sebastian"]
[Black "Kravanja, Georg"]
[Result "1-0"]
[WhiteElo "2293"]
[BlackElo "2284"]
[PlyCount "125"]
[EventDate "2018.10.19"]
[EventType "team"]
[EventRounds "11"]
[EventCountry "AUT"]
[WhiteTeam "SPG Sauwald"]
[BlackTeam "Schachfreunde Graz"]

1.Nf3 d5 2.d4 e6 3.c4 Nf6 4.Nc3 Be7 5.Bf4 O-O 6.e3 Nbd7 7.a3 c6 8.Bd3 b6 9.cxd5 exd5
10.O-O Bb7 11.Ne5 Re8 12.Nxd7 Qxd7 13.h3 Bf8 14.Qf3 Qe6 15.Be5 Nd7 16.Bg3 Nf6 17.Be5
Nd7 18.Bg3 Nf6 19.Bf5 Qe7 20.Bh4 Qd6 21.Rfd1 Be7 22.Bg3 Qd8 23.Rac1 Bd6 24.Bh4 Be7
25.Bg3 Bd6 26.Bc2 Bxg3 27.Qxg3 Re6 28.Bf5 Rd6 29.Ne2 Qe7 30.Bd3 Rad8 31.Nc3 Bc8 32.b4
b5 33.Qh4 Qe8 34.Re1 h6 35.Qf4 a6 36.Nb1 Re6 37.Nd2 Ne4 38.Bxe4 dxe4 39.Rc5 Rd5 40.Rxd5
cxd5 41.Rc1 Rg6 42.Kf1 Rc6 43.Rc5 Be6 44.Nb3 Kh7 45.Na5 Rc8 46.Kg1 Qd7 47.Nb3 Qe7
48.Nd2 Qa7 49.Qd6 Rb8 50.Rc6 Ra8 51.Nb3 Qd7 52.Nc5 Qxd6 53.Rxd6 a5 54.Rb6 axb4 55.axb4
Ra1+ 56.Kh2 Rb1 57.Rxb5 Kg6 58.Rb8 Kf6 59.b5 Ke7 60.b6 Kd6 61.b7 Kc7 62.Re8 Rb2 63.b8=Q+ 1-0

[Event "2. BUNDESLIGA MITTE 2018/2019"]
[Site "Grieskirchen, Friedberg/Sauwald, St. Veit, Deutschlandsberg"]
[Date "2019.03.01"]
[Round "9"]
[Board "4"]
[White "Jusic, Zdenko"]
[Black "Taggatz, Mario"]
[Result "1-0"]
[WhiteElo "2259"]
[BlackElo "2210"]
[PlyCount "69"]
[EventDate "2018.10.19"]
[EventType "team"]
[EventRounds "11"]
[EventCountry "AUT"]
[WhiteTeam "Schachfreunde Graz"]
[BlackTeam "SPG Sauwald"]

1.e4 d6 2.d4 Nf6 3.Bd3 g6 4.c3 Bg7 5.Nd2 O-O 6.Ngf3 Nc6 7.O-O e5 8.Re1 h6 9.dxe5 dxe5
10.Bb5 Nh5 11.Nc4 Qe7 12.Bxc6 bxc6 13.Na5 Qf6 14.Qa4 Bd7 15.Be3 Nf4 16.Bxf4 Qxf4 17.Qc4
h5 18.Nxc6 Rfe8 19.Rad1 Bg4 20.Re3 h4 21.h3 Be6 22.Qc5 Bxa2 23.c4 Bf8 24.Qb5 Re6 25.Nfxe5
Bd6 26.Ng4 a6 27.Qd5 Rae8 28.g3 hxg3 29.fxg3 Bxc4 30.Qxc4 Qg5 31.Rd5 f5 32.exf5 Rxe3
33.Rxd6+ Kh8 34.Qd4+ Kg8 35.Rxg6+ 1-0

[Event "2. BUNDESLIGA MITTE 2018/2019"]
[Site "Grieskirchen, Friedberg/Sauwald, St. Veit, Deutschlandsberg"]
[Date "2019.03.01"]
[Round "9"]
[Board "5"]
[White "Hiermann, Dietmar"]
[Black "Teuschler, Barbara"]
[Result "1-0"]
[WhiteElo "2203"]
[BlackElo "2203"]
[PlyCount "99"]
[EventDate "2018.10.19"]
[EventType "team"]
[EventRounds "11"]
[EventCountry "AUT"]
[WhiteTeam "SPG Sauwald"]
[BlackTeam "Schachfreunde Graz"]

1.e4 e5 2.Nf3 Nc6 3.Bc4 Bc5 4.c3 Nf6 5.d3 a6 6.Nbd2 Ba7 7.Bb3 d6 8.h3 O-O 9.O-O h6
10.Re1 Be6 11.Nf1 d5 12.Qe2 Re8 13.Ng3 Qd7 14.Bd2 Rad8 15.Rad1 d4 16.Bxe6 Rxe6 17.c4
Bc5 18.a3 a5 19.Nh2 a4 20.Rf1 Ne7 21.Ng4 Ng6 22.Nf5 Bf8 23.g3 Kh7 24.Kg2 Rb6 25.Bc1
Re8 26.Qc2 Ree6 27.f3 Rb3 28.Rf2 b5 29.cxb5 Ne8 30.f4 exf4 31.gxf4 Ne7 32.Ng3 Qxb5
33.f5 Rc6 34.Qe2 f6 35.Nh5 Rc5 36.Nf4 Kg8 37.Ne6 Rc6 38.Nxd4 Qb7 39.Nxb3 axb3 40.Ne3
Nd6 41.Kh2 Nf7 42.Nc4 Rc5 43.Be3 Rb5 44.Rg2 Nc6 45.Qh5 Nce5 46.Nxe5 Rxe5 47.Bxh6 Nxh6
48.Qxh6 Qc6 49.Rdg1 Re7 50.e5 1-0